| 000 | 00595nam a22002177a 4500 | ||
|---|---|---|---|
| 005 | 20170124110037.0 | ||
| 010 | _a726601 | ||
| 020 |
_c45.00 _a0842605584 |
||
| 035 | _a726601 | ||
| 037 | _bCen Lib/Ret | ||
| 040 |
_aDPL _bEN |
||
| 082 |
_a811 _bMIR |
||
| 100 |
_aMirashi, V. V _923009 |
||
| 245 |
_aBhavabhuti / _cby V. V. Mirashi |
||
| 260 |
_aDelhi _bMotilal Banarsidass _c1974 |
||
| 270 |
_aBungalow Road, Jawahar Nagar _bDelhi _e110007 |
||
| 300 |
_a411p. _c21cm(Hb) |
||
| 650 |
_aSanskrit poetry _923010 |
||
| 650 |
_aBiography _97490 |
||
| 942 |
_2ddc _cEN _h811 _mMIR |
||
| 999 |
_c128312 _d128312 |
||